Хранители; Летопись первая из эпопеи "Властелин колец": пер. с англ.

Λεπτομέρειες βιβλιογραφικής εγγραφής
Κύριος συγγραφέας: Толкин (Толкиен, Толкьен) Дж. Р. Р. Джон Роналд Рейел
Περίληψη:Известный британский писатель в своей философской сказочной повести, составляющей первую книгу эпопеи "Властелин Колец", отстаивает идеи человечности, готовности к подвигу и самопожертвованию во имя родины, культурного единения народов. Языком образов, созданных на материале валлийских легенд, ирландских и исландских саг, скандинавской мифологии и древнегерманского эпоса, автор недвусмысленно заявляет, что победа добра в мире и в человеческой душе зависит от самого человека.
Γλώσσα:Ρωσικά
Έκδοση: Москва, Радуга, 1988
Θέματα:
Μορφή: MixedMaterials Βιβλίο
KOHA link:https://koha.lib.tpu.ru/cgi-bin/koha/opac-detail.pl?biblionumber=378329

MARC

LEADER 00000nam0a2200000 4500
001 378329
005 20231102013008.0
010 |a 505002255X 
035 |a (RuTPU)RU\TPU\retro\35785 
035 |a RU\TPU\book\89382 
090 |a 378329 
100 |a 20230524d1988 m y0rusy50 ca 
101 1 |a rus  |c eng 
102 |a RU 
105 |a y z 000ay 
200 1 |a Хранители  |a Летопись первая из эпопеи "Властелин колец"  |e пер. с англ.  |f Дж. Р. Р. Толкин (Толкиен, Толкьен) 
210 |a Москва  |c Радуга  |d 1988 
215 |a 496 с. 
330 |a Известный британский писатель в своей философской сказочной повести, составляющей первую книгу эпопеи "Властелин Колец", отстаивает идеи человечности, готовности к подвигу и самопожертвованию во имя родины, культурного единения народов. Языком образов, созданных на материале валлийских легенд, ирландских и исландских саг, скандинавской мифологии и древнегерманского эпоса, автор недвусмысленно заявляет, что победа добра в мире и в человеческой душе зависит от самого человека. 
606 1 |a Английская литература  |2 stltpush  |3 (RuTPU)RU\TPU\subj\29042  |9 52454 
610 1 |a художественная литература 
610 1 |a трилогии 
610 1 |a фэнтези 
610 1 |a приключения 
675 |a 82  |v 3 
700 1 |a Толкин (Толкиен, Толкьен)  |b Дж. Р. Р.  |c английский писатель  |c филолог  |c лингвист  |f 1892-1973  |g Джон Роналд Рейел  |9 1055 
801 0 |a RU  |b 63413507  |c 20011209  |g PSBO 
801 2 |a RU  |b 63413507  |c 20230620  |g PSBO 
942 |c BK